Missing Lyrics - One Direction - Night Changes - Statistics

General Stats
  • This quiz has been taken 1,062 times
  • The average score is 15 of 21
Answer Stats
Fill the missing lyrics % Correct
{Her mother} doesn't like that kind of dress
95%
{Her mother} doesn't like that kind of dress
95%
Going out tonight, changes into {something red}
90%
Going out tonight, changes into {something red}
90%
We're only {getting older}, baby
87%
Does it ever {drive you crazy} just how fast the night changes?
85%
But there's nothing to be {afraid} of
83%
Even when the night changes, It will never change {me and you}
83%
Having no regrets is {all that she really wants}
81%
Having no regrets is {all that she really wants}
81%
{Driving} too fast, Moon is breaking through her hair
74%
Everything she never had {she's showing off}
73%
{Moving} too fast, Moon is lighting up her skin
71%
And I've been {thinking about it lately}
68%
He's waiting, hides behind a {cigarette}
68%
Everything that you've ever dreamed of {disappearing} when you wake up
65%
Reminds her of the missing piece of {innocence} she lost
50%
She's {falling}, doesn't even know it yet
49%
Chasing it tonight, {Doubts} are running 'round her head
44%
She's {heading} for something that she won't forget
38%
{Heart is beating loud}, and she doesn't want it to stop
34%
No matching quizzes found
Score Distribution
Percent of People with Each Score
Percentile by Number Answered
Your Score History
You have not taken this quiz